Statistics for Famous People from Georgia by Picture

Click here to take the quiz!

General Stats

  • This quiz has been taken 19,294 times
    (9,441 since last reset)
  • The average score is 7 of 16

Answer Stats

Answer% Correct
Martin Luther King, Jr.
96%
Jimmy Carter
80%
Julia Roberts
74%
Lil Nas X
63%
Clarence Thomas
49%
Little Richard
48%
Ryan Seacrest
41%
Evander Holyfield
40%
Paula Deen
36%
Dakota Fanning
35%
Jeff Foxworthy
35%
André 3000
34%
Chris Tucker
31%
Margaret Mitchell
27%
Ty Cobb
27%
Alan Jackson
23%

Score Distribution

Percentile by Number Answered

Percent of People with Each Score

Your Score History

You have not taken this quiz since the last reset